000 00416cam a22001457a 4500
008 180718b2004 xxu||||| |||| 00| 0 eng d
020 _a8126120843
082 _aBA27055x54 R137/1
245 _aEncyclopaedia of Dalits in India
_cedited by Mamta Rajawat
260 _aNew Delhi
_bAnmol
_c2004
300 _a407p.
500 _aContents: v.1. History of Dalits
650 _aDalits --India
700 _aRajawat, Mamta
999 _c403143
_d403143